Rozkol a obavy : Dva rôzne názory

Podrobná bibliografia
Hlavný autor: Angelovič, Marián (Author)
Médium: Článok
Jazyk:Slovak
Témy:
Zdroj: 1. Pravda 1. Roč. 9, č. 156(1999), dát. 0709, s. 2
LEADER 00788nab#a2200289#ar4500
001 000022921
003 SVKKK
005 00000000000000.0
008 c xo e sloo
FMT
038 |a SVKKK 
040 |a SVKKK  |b slo  |e AACR2 
041 0 |a slo 
044 |a xo  |c SK 
080 |a 323.  |2 1981 
080 |a 325.25  |2 1981 
080 |a 329.63(437.6  |2 1981 
100 1 |a Angelovič, Marián  |4 aut 
245 1 0 |a Rozkol a obavy :  |b Dva rôzne názory  |c Angelovič Marián, 
650 0 4 |a migrácia  |x Fínsko  |z Rómska občianska iniciatíva  |x strana politická  |x vyhlásenie  |x názory  |x informácie 
773 0 |t Pravda  |g Roč. 9, č. 156(1999), dát. 0709, s. 2 
957 |a Košice 
974 |d 990708  |a Fav 
992 |a RBX 
BAS
852 |a SVKKK  |b BIB 
998 |a ROM